00660 2200229 4500001002100000005001500021035002000036007000300056008003900059020001900098082000800117084001400125100002000139245007400159250001400233260003900247300003800286500001100324650003800335650003700373990002000410INLIS00000000000472220231201082008 a0010-1223000003ta231201 | | |  a978979534483-4 a612 a612 ANN b0 aAnna Claybourne1 aBuku Lengkap Tentang Tubuh Kita.2 :bPustaka Sains /cAnna Claybourne aCet. 1,-- aBandung. :bPT. Pakar Raya,c2007. a53 hlm, :bilus. ;c20,5 x 28 cm. aIndeks aPengalih bahasa, Ir. Rudiyanto.MA aPenyunting perwajahan, B. Waluyo a13764/P/Bl/2016